000 01284nam a2200325Ia 4500
001 ebr10750971
003 CaPaEBR
006 m o u
007 cr cn|||||||||
008 130802s2013 nyu sb 000 0 eng d
010 _z 2013029537
020 _z9781628940367 (soft cover : alk. paper)
020 _z9781628940374 (hard cover : alk. paper)
020 _z9781628940381 (ebook)
040 _aCaPaEBR
_cCaPaEBR
050 1 4 _aBJ1459.5
_b.H357 2013eb
082 0 4 _a303.6
_223
100 1 _aHamblet, Wendy C.,
_d1949-
245 1 0 _aDaemon in the sanctuary
_h[electronic resource] :
_bthe enigma of homespace violence /
_cWendy C. Hamblet.
260 _aNew York :
_bAlgora Publishing,
_c2013.
300 _ax, 212 p.
504 _aIncludes bibliographical references.
533 _aElectronic reproduction.
_bPalo Alto, Calif. :
_cebrary,
_d2013.
_nAvailable via World Wide Web.
_nAccess may be limited to ebrary affiliated libraries.
650 0 _aViolence
_xMoral and ethical aspects.
650 0 _aFamily violence.
650 0 _aViolence
_xSocial aspects.
655 7 _aElectronic books.
_2local
710 2 _aebrary, Inc.
856 4 0 _uhttp://site.ebrary.com/lib/rucke/Doc?id=10750971
_zAn electronic book accessible through the World Wide Web; click to view
999 _c114473
_d114473